| 000 | 01729nam a2200229Ia 4500 | ||
|---|---|---|---|
| 003 | Ost | ||
| 005 | 20260507074857.0 | ||
| 008 | 260507s9999||||xx |||||||||||||| ||und|| | ||
| 040 | _cfsecg | ||
| 041 | _aara | ||
| 082 | _a309.212 | ||
| 100 |
_aالدعبوسي، احمد سامر _eمؤلف |
||
| 245 | 0 |
_aالتنمية والسكان / _c احمد سامر الدعبوسي |
|
| 260 |
_aعمان: _bمكتبة المجتمع العربي للنشر والتوزيع;دار أجنادين للنشر والتوزيع, _c2007 |
||
| 300 |
_a185 صفحة؛ _bإيضاحات ؛ _c25 سم |
||
| 504 | _aبيبليوغرافيا: ص.173 | ||
| 520 | _aيضم الموارد البشرية أغلى ما تملكه الأمة، الاتجاهات الزمنية في مجال السكان والبيئة والتنمية، آراء الحكومات وسياساتها المتعلقة بالسكان والبيئة والتنمية، حجم السكان والنمو السكاني والبيئة والصحة، الهجرة والتغير السكاني والبيئة الريفية، معدلات الوفيات والخصوبة والبيئة والصحة، التنمية والبيئة والسكان في المناطق الحضرية، استنتاجات، نظريات وأطر لنمذجة أثر النمو السكاني على البيئة المادية، الشراكة وتدفق الموارد في مجال السكان والصحة الانجابية والتنمية، التوصيات الموجهة الى الحكومات، تدفق الموارد، مقترحات | ||
| 653 | _aالتنمية الإجتماعية | ||
| 653 | _aالسكان | ||
| 653 | _aالقوى العاملة | ||
| 942 | _cكتاب | ||
| 999 |
_c41618 _d41618 |
||